000 01365nam a2200217Ia 4500
003 Ost
005 20260507075119.0
008 260507s9999||||xx |||||||||||||| ||und||
040 _cfsecg
041 _aara
082 _a337
100 _aعبد الحميد، عبد المطلب
_eمؤلف
245 0 _aالعولمة الإقتصادية :
_bمنظمات، شركاتها، تدعياتها /
_c عبد المطلب عبد الحميد
260 _aالإسكندرية:
_bالدار الجامعية,
_c2006
300 _a307 صفحة؛
_bإيضاحات ؛
_c24 سم
520 _aالتعريف بالعولمة الإقتصادية وخصائصها- أنواع العولمة الإقتصادية والعوامل المؤدية اليها- المنظمات الإقتصادية للعولمة- آليات منظمة التجارة العالمية- الشركات متعددة الجنسيات والعولمة الإقتصادية- مزيد من الأضواء على الإستثمار الاجنبي في ظل العولمة- قضايا وأزمات العولمة الإقتصادية- نظرة استشرافية لتوجهات المظاهرات والحركات المناهضة للعولمة الإقتصادية
653 _aالإقتصاد
653 _aالتجارة العالمية
653 _aالعولمة
942 _cكتاب
999 _c43049
_d43049